00587nam a2200181Ia 450000500170000000800410001702000300005804000190008804100120010708200210011910000160014024500940015626000460025030000170029650400500031365000320036385000100039520230524120701.0140110s9999 xx 000 0 und d a9788177083125cRs.1465.00 aLoreto College aEnglish a332.6730954bBHA aBhasin,Niti aForeign direct investment(FDI)in Indiab Policies,conditions and procedures cNiti Bhasin aNew DelhibNew Century Publicationsc2012 axxxvii,330p  aIncludes bibliographical references and index aForeign investment in India aLCLIB